000 01812nam a22003737a 4500
999 _c372571
_d372571
003 BLK
005 20250708173406.0
008 200702b bu ||||| |||| 00| 0 bu d
020 _a9786190104261
040 _aBLK
041 _aBUL
_cBUL
080 _aИздания за деца и юноши. Книжки-картинки. Читанки. Вж и 372.4
_b087.5
_z087.5
100 _9417199
_aДомингес, Нико
_eпърви автор
139 _aДомингес, Нико
_bД 76
245 _a[Сто и едно] 101 неща, които трябва да знаеш за динозаврите
_b[Детска енциклопедия]
_cНико Домингес; ил. Франциска Валиенте; прев. от исп. Мариана Китипова.
246 _a101 coses que hauries de saber sobre els dinosaures
257 _aSPA
260 _9210881
_aСофия
_bИзток-Запад
_c2019
_n978-619-01- ; 978-619-152- ; 978-954-321- ; 954-8945-
300 _a48 с.
_bс цв. ил.
_c23 см
380 _aDN
500 _aОриг. загл., установено от доп. източник: 101 coses que hauries de saber sobre els dinosaures. - Азб. показалец
650 7 _9154962
_aЕнциклопедии, детски
653 7 _9186344
_aенциклопедии
653 7 _9185229
_aдинозаври
700 _9417206
_aВалиенте, Франциска
_eил.
700 _9367953
_aКитипова, Мариана Георгиева
_eпрев. от исп.
700 _9417207
_aDomínguez, Niko
_e*
700 _9417208
_aValiente, F.
_e*
852 _aЦб 300418
_bЦб
942 _cKNG
_n0
_s1
_051
944 _aCR
_c2020-07-02
_k30551
_lБояна Костадинова
999 _d372571
999 _d372571